000 00642nam a2200145Ia 4500
008 171212s9999 xx 000 0 und d
020 _a9781920942946
100 _aStacey, Natasha
245 _cStacey, Natasha
_aBoats to Burn
_bBajo Fishing Activity in the Australian Fishing Zone
260 _bANU E Press
_c2007
440 _aAsia-Pacific Environment Monographs
650 _aBajau (Southeast Asian people) -- Fishing; Territorial waters -- Australia; Fishery law and legislation -- Australia; Bajau (Southeast Asian people) -- Social life and customs
650 _aPolitical Science
856 _uwww.jstor.org/stable/10.2307/j.ctt24h9b6
999 _c351015
_d351015